| 000 | 00438nab a2200145Ia 4500 | ||
|---|---|---|---|
| 003 | ES-SlBCS | ||
| 005 | 20210601130755.0 | ||
| 008 | 140529s1984 xxu||||| |||| 00| 0 fre d | ||
| 041 | _afre | ||
| 100 | 1 |
_aQuoniam, Théodore _9177105 |
|
| 245 | 0 | 0 |
_aHumanisme et Spiritualité _c Théodore Quoniam |
| 650 | 0 | 4 |
_aHumanismo-Espiritualidad _9177106 |
| 773 | 0 |
_tPresença Filosofica _gvol. 10, nº. 3-4, 1984, págs. 91-98 _wRev966 |
|
| 942 | _cAR | ||
| 999 |
_c552143 _d552143 |
||